Vista normal
Vista MARC
Entrada Personal Name
Número de registros utilizados en: 1
001 - CONTROL NUMBER
- control field: 3978
003 - CONTROL NUMBER IDENTIFIER
- control field: OSt
005 - DATE AND TIME OF LATEST TRANSACTION
- control field: 20180716122750.0
008 - FIXED-LENGTH DATA ELEMENTS
- fixed length control field: 170401 a|ac|n|aab||||||||||||a |n|||||||
010 ## - LIBRARY OF CONGRESS CONTROL NUMBER
- LC control number: 99042365
040 ## - CATALOGING SOURCE
- Description conventions: rda
100 1# - HEADING--PERSONAL NAME
- Personal name: Pérez Villanueva, Omar Everleny,
375 ## - GENDER
- Gender: femenino
377 ## - ASSOCIATED LANGUAGE
- Language code: spa
400 1# - SEE FROM TRACING--PERSONAL NAME
- Personal name: Villanueva, Omar Everleny Pérez
400 1# - SEE FROM TRACING--PERSONAL NAME
- Personal name: Everleny Pérez Villanueva, Omar
400 1# - SEE FROM TRACING--PERSONAL NAME
- Personal name: Pérez, O. E.
- Fuller form of name: (Omar Everleny)